| 000 | 00372 a2200169 4500 | ||
|---|---|---|---|
| 001 | 50307 | ||
| 020 | _a8528101592 | ||
| 040 | _cAnchieta - Bela Vista | ||
| 100 | _aMachado, Ana Maria | ||
| 240 | 1 | 0 |
_aO rato roeu a roupa _lpor |
| 245 | 1 | 0 | _aO rato roeu a roupa |
| 300 | _a24 | ||
| 362 | 0 | _a1998 | |
| 440 | 1 | _aSalamandra | |
| 650 | 4 | _aLiteratura infantil | |
| 942 | _cBK | ||
| 999 |
_c50307 _d50307 |
||